000 00441nam a22001817a 4500
999 _c6319
_d6317
005 20210825160250.0
008 200520b xxu||||| |||| 00| 0 eng d
020 _a9789374735817
041 _aeng
082 _a615.1 DHI
100 _aDhikav Vikash
_95593
245 _aText Book of Pharmacology For Nurses
250 _a1'st
260 _aDelhi
_bAITBS PUBLISHERS
_c2020
300 _a345,XII
650 _aPharmacy
_96656
942 _cBK